Induló nulladik évfolyamok

Elmentve itt :
Bibliográfiai részletek
Dokumentumtípus: Cikk
Megjelent: 1999-10-07
Sorozat:Délmagyarország 89 No. 234
Kulcsszavak:Oktatás, nulladik évfolyam
Online Access:http://dmarchiv.bibl.u-szeged.hu/80529
LEADER 00413nab a2200145 i 4500
001 delm80529
005 20191022124648.0
008 191022s1999 hu o 0|| hun d
040 |a SZTE Délmagyarország Archívum  |b hun 
041 |a hun 
245 0 0 |a Induló nulladik évfolyamok  |h [elektronikus dokumentum] 
260 |c 1999-10-07 
300 |a 10 
490 0 |a Délmagyarország  |v 89 No. 234 
695 |a Oktatás, nulladik évfolyam